Aumento del vigor en semillas de Pinus patula (Schlecht. & Cham.) por efecto del osmoacondicionamiento (Registro nro. 15586)

Detalles MARC
000 -CABECERA
Campo de control 003730000a22001090004500
090 ## - CLASIFICACIÓN LOCAL
Colección As
Consecutivo Seriadas
041 0# - IDIOMA
Código de idioma para texto/pista de sonido o título separado
100 1# - ASIENTO PRINCIPAL--NOMBRE PERSONAL
Nombre personal Piedrahita Cardona, Edgar
245 10 - MENCION DE TITULO
Título Aumento del vigor en semillas de Pinus patula (Schlecht. & Cham.) por efecto del osmoacondicionamiento
773 1# - Item fuente:
Título Crónica Forestal y del Medio Ambiente
Descripción física 13
Paginas del Articulo 5-24
Lugar, editorial y fecha de publicación 1998
942 ## - ELEMENTOS ADICIONALES (KOHA)
Tipo de ítem Artículo

No hay ítems disponibles.